[Event "3rd Novy Bor Open"]
[Site "Novy Bor CZE"]
[Date "2012.02.14"]
[Round "4"]
[White "Zemkova,Klara"]
[Black "Maliszewski,J"]
[Result "1-0"]
[WhiteElo "1564"]
[BlackElo "1814"]

1.e4 c5 2.Nf3 Nc6 3.Bb5 g6 4.O-O Bg7 5.Re1 Nf6 6.c3 Qb6 7.Bc4 e5 8.d4 cxd4
9.cxd4 exd4 10.e5 Ng8 11.Ng5 Nh6 12.Nd2 O-O 13.Ndf3 Qc5 14.Qe2 Re8 15.Ne4 Qf8
16.Bxh6 Bxh6 17.Nf6+ Kh8 18.Nxe8 Qxe8 19.Rad1 Bg7 20.Ng5 Nxe5 21.Nxf7+ Kg8
22.Nd6+  1-0

[Event "11th Aeroflot Open B"]
[Site "Moscow RUS"]
[Date "2012.02.15"]
[Round "9"]
[White "Ovetchkin,R"]
[Black "Kotanjian,T"]
[Result "0-1"]
[WhiteElo "2507"]
[BlackElo "2533"]

1.e4 c5 2.Nf3 Nc6 3.Bb5 g6 4.Bxc6 dxc6 5.d3 Bg7 6.h3 Nf6 7.Nc3 O-O 8.Bf4 Ne8
9.Qd2 Nc7 10.Bh6 f6 11.Bxg7 Kxg7 12.Qe3 b6 13.Ne2 e5 14.Nh2 Ne6 15.O-O-O Nd4
16.Kb1 a5 17.Nc1 a4 18.c3 Ne6 19.g3 Qd6 20.Ne2 c4 21.d4 a3 22.dxe5 Qxe5 23.Nf3 Qb5
24.Rd2 c5 25.Nf4 Nxf4 26.Qxf4 Bb7 27.Ka1 Rae8 28.Re1 Rf7 29.bxa3 Qa5 30.Rc2 Qa8
31.Nd2 Qxa3 32.f3 Qa4 33.Rb2 Rd8 34.Nb1 Qc6 35.Na3 Ba6 36.Reb1 Qa4 37.Nc2 Qa5
38.Ne3 Qxc3 39.Nd5 Qd4 40.Nc7 Bc8 41.Nb5 Qe5 42.h4 Rd3 43.Rc1 Bd7 44.Qxe5 fxe5
45.Nc7 Rdxf3 46.Rxb6 Rxg3 47.Na6 Rg4 48.Nxc5 Rxh4 49.a4 Rh3 50.Rxc4 h5 51.Kb2 Bg4
52.Rc2 Ra7 53.Rd2 Rg3 54.Rdd6 Bh3 55.Rd5 h4 56.a5 Rxa5 57.Ne6+ Bxe6 58.Rxa5 Bf7
59.Kc2 h3 60.Rb1 g5 61.Kd2 g4 62.Rxe5 Bg6 63.Re6 h2 64.Rh1 Rh3 65.Ke2 Kf7
66.Rxg6 Kxg6 67.Kf2 Ra3 68.Kg2 g3 69.Rd1 Kg5 70.Kh3 Rd3 71.Ra1 Kf4 72.e5 Kxe5
73.Kg2 Re3 74.Rf1 Ke4 75.Kh1 Kd3 76.Kg2 Kd2 77.Ra1 Re1 78.Rxe1 Kxe1 79.Kh1 Ke2
80.Kg2 h1=Q+ 81.Kxh1 Kf3  0-1

[Event "11th Aeroflot Open B"]
[Site "Moscow RUS"]
[Date "2012.02.15"]
[Round "9"]
[White "Alavkin,A"]
[Black "Gladyszev,O"]
[Result "1/2-1/2"]
[WhiteElo "2383"]
[BlackElo "2458"]

1.e4 c5 2.Nf3 Nc6 3.Bb5 g6 4.O-O Bg7 5.Re1 Nf6 6.e5 Nd5 7.Nc3 Nc7 8.Bxc6 dxc6
9.Ne4 b6 10.Nf6+ Kf8 11.Ne4 Bg4 12.d3 Ne6 13.Ned2 g5  1/2-1/2

[Event "3rd Novy Bor Open"]
[Site "Novy Bor CZE"]
[Date "2012.02.16"]
[Round "7"]
[White "Richterova,Natasa"]
[Black "Grela,K"]
[Result "0-1"]
[WhiteElo "1801"]
[BlackElo "1826"]

1.e4 c5 2.Nf3 Nc6 3.Bb5 g6 4.Bxc6 bxc6 5.d3 Bg7 6.Nbd2 Nf6 7.O-O O-O 8.Re1 Ba6
9.Rb1 Rb8 10.b3 d6 11.Bb2 e5 12.Nf1 Qa5 13.Ng3 Bc8 14.Nd2 Be6 15.Nc4 Qc7
16.h3 Nd7 17.Qe2 f6 18.Nd2 Rbe8 19.Ndf1 Nb6 20.Qd2 Qf7 21.Ne3 f5 22.exf5 gxf5
23.Nc4 Nc8 24.Qg5 h6 25.Qh5 Qd7 26.Nh1 f4 27.Nd2 Rf5 28.Qf3 Ne7 29.Qd1 Ng6
30.Nf3 Bd5 31.c3 Bxf3 32.Qxf3 Rg5 33.g4 h5 34.Kf1 hxg4 35.hxg4 Rxg4 36.Ke2 Nh4
37.Qh3 e4 38.Kd1 Nf3 39.Rf1 Ng5 40.Qh5 exd3 41.c4 Qe6 42.Ng3 fxg3  0-1

[Event "e2e4 Brighton Masters"]
[Site "Brighton ENG"]
[Date "2012.02.18"]
[Round "7"]
[White "Longson,A"]
[Black "Sowray,P"]
[Result "1/2-1/2"]
[WhiteElo "2281"]
[BlackElo "2367"]

1.e4 c5 2.Nf3 Nc6 3.Bb5 g6 4.O-O Bg7 5.c3 Nf6 6.Re1 O-O 7.e5 Nd5 8.d4 cxd4
9.cxd4 d6 10.Nc3 dxe5 11.Bxc6 bxc6 12.Nxe5 Qc7 13.Nxd5 cxd5 14.Bf4 Qb6 15.Qd2 Bf5
16.Re3 Rfc8 17.Rb3 Qa6 18.Ra3 Qb6 19.Rb3 Qa6 20.Ra3 Qb6  1/2-1/2

[Event "ch-Central Serbia 2012"]
[Site "Pozarevac SRB"]
[Date "2012.02.19"]
[Round "9.13"]
[White "Marcetic,P"]
[Black "Milovanovic,Srb"]
[Result "1/2-1/2"]
[WhiteElo "2247"]
[BlackElo "2203"]

1.e4 c5 2.Nf3 Nc6 3.Bb5 d6 4.O-O Bd7 5.Re1 g6 6.c3 Bg7 7.d4 cxd4 8.cxd4 Qb6
9.Nc3 Rc8 10.Be3 Qa5 11.a3 a6 12.b4 Qd8 13.Bxc6 Bxc6 14.Rc1 Nf6 15.d5 Bd7
16.Bd4 Bg4 17.Qd3 Bxf3 18.Qxf3 O-O 19.Qd3 Qd7 20.f4 b5 21.Ne2 Rxc1 22.Rxc1 Rc8
23.Rxc8+ Qxc8 24.h3 Qc7 25.Kf2 Nd7 26.Bxg7 Kxg7 27.Qc3+ Qxc3 28.Nxc3 f5 29.Ke3 fxe4
30.Kxe4 Kf6 31.g4 g5 32.a4 bxa4 33.Nxa4 gxf4 34.Kxf4 Ne5 35.Nb2 Ng6+ 36.Ke4 Kg5
37.Nd3 Kh4  1/2-1/2

[Event "ch-POL 2012"]
[Site "Warsaw POL"]
[Date "2012.02.20"]
[Round "3"]
[White "Strzemiecki,Z"]
[Black "Piorun,K"]
[Result "1-0"]
[WhiteElo "2402"]
[BlackElo "2520"]

1.e4 c5 2.Nf3 Nc6 3.Bb5 d6 4.d4 cxd4 5.Qxd4 Bd7 6.Bxc6 Bxc6 7.c4 f5 8.Nc3 e5
9.Qd3 fxe4 10.Nxe4 Nf6 11.Nxf6+ Qxf6 12.Bg5 Qe6 13.O-O Kf7 14.Rfe1 Qg6 15.Qb3 Re8
16.Bh4 Kg8 17.Rad1 h6 18.c5+ Kh7 19.Bg3 e4 20.cxd6 exf3 21.Rxe8 Qxe8 22.d7 Qd8
23.Qd3+ Kg8 24.Qc4+ Kh7 25.Bh4 g5 26.Qf7+ Bg7 27.Qf5+ Kg8 28.Bg3 Bxd7 29.Rxd7 Qf6
30.Qd5+ Kh7 31.Qd3+ Kg8 32.Qd5+ Kh7 33.Be5 Re8 34.Qd3+  1-0

[Event "10th Nancy Masters B 2012"]
[Site "Nancy FRA"]
[Date "2012.02.21"]
[Round "3"]
[White "Le Corre,B"]
[Black "Bellahcene,B"]
[Result "0-1"]
[WhiteElo "2312"]
[BlackElo "2328"]

1.e4 c5 2.Nf3 Nc6 3.Bb5 Nf6 4.Nc3 Qc7 5.O-O Nd4 6.Re1 a6 7.Bf1 e5 8.Bc4 d6
9.Ng5 Bg4 10.Nd5 Nxd5 11.Qxg4 Nf6 12.Qd1 h6 13.Nf3 b5 14.Bf1 Be7 15.a4 Rb8
16.axb5 axb5 17.c3 Nxf3+ 18.Qxf3 O-O 19.Rd1 Qc6 20.d3 b4 21.Be3 bxc3 22.bxc3 Rb3
23.c4 Nh7 24.Bd2 Bg5 25.Be1 Ra8 26.g3 Rba3 27.Rab1 Bd8 28.Bh3 Ng5 29.Qg2 g6
30.f4 exf4 31.gxf4 Nxh3+ 32.Qxh3 Kh7 33.Bh4 Bxh4 34.Qxh4 Qd7 35.Rb2 Ra1 36.Rxa1 Rxa1+
37.Kg2 Rd1 38.Qg3 Qe6 39.Rf2 Qf6 40.Qf3 Qa1 41.e5 Rg1+ 42.Kh3 Kg7 43.Qe3 Qd1
44.Qe2 Re1 45.Qxd1 Rxd1 46.Rf3 dxe5 47.fxe5 Re1 48.d4 cxd4 49.Rd3 Rxe5 50.Rxd4 Re2
51.Rd8 Rc2 52.Rc8 g5 53.c5 Kg6 54.Kg3 f5 55.c6 Kh5 56.c7 Rc3+ 57.Kg2 Kg4
58.Kf2 h5 59.Ke2 h4 60.Kf2 Kf4 61.h3 Rc6 62.Ke2 Re6+ 63.Kf2 Re7 64.Kg2 Re2+
65.Kf1 Rc2 66.Ke1 Kg3 67.Rg8 Rxc7 68.Rxg5+ Kf4 69.Rg8 Rc3 70.Rf8 Rxh3 71.Kf2 Rh2+
72.Kg1 Ra2 73.Rb8 Kg4 74.Rb4+ f4 75.Kf1 Kg3 76.Rb1 f3 77.Rc1 Rh2  0-1

[Event "TCh-CAT 2012"]
[Site "Catalunya ESP"]
[Date "2012.02.25"]
[Round "5.7"]
[White "Garrido Fernandez,Dan"]
[Black "Perpinya Rofes,L"]
[Result "1/2-1/2"]
[WhiteElo "2250"]
[BlackElo "2385"]

1.e4 c5 2.Nf3 Nc6 3.Bb5 e6 4.Bxc6 bxc6 5.b3 f6 6.Bb2 Ne7 7.h4 e5 8.Nc3 d6
9.Qe2 Ng6 10.g3 Be7 11.h5 Nf8 12.Nh4 Ne6 13.O-O-O Nd4 14.Qe3 Bg4 15.f3 Bxh5
16.g4 Bf7 17.Nf5 Bf8 18.Rh3 g6 19.Ng3 Bg7 20.Rdh1 h6 21.f4 a5 22.Na4 Rb8
23.f5 g5 24.d3 Bf8 25.Nf1 h5 26.Nd2 h4 27.Nc4 Nb5 28.Qd2 Ra8 29.Bc3 Nxc3
30.Qxc3 Be7 31.Qe1 Kf8 32.Nd2 c4 33.dxc4 Kg7 34.Rd3 Qc7 35.Qf2 Rab8 36.Nb1 Rhd8
37.Nbc3 Qb7 38.Rhd1 Qb4 39.R1d2 Rd7 40.Kd1 Rbd8 41.Qb6 Rb7 42.Qxc6 Be8 43.Qd5 Bf7
44.Qc6 Be8 45.Qa6 Rdb8 46.Nd5 Qa3 47.Nxe7 Qxa2 48.Qxd6 Qb1+ 49.Ke2 Qg1 50.Nd5 Qg2+
51.Ke1 Qg1+ 52.Ke2 Qg2+  1/2-1/2

[Event "ch-POL 2012"]
[Site "Warsaw POL"]
[Date "2012.02.25"]
[Round "8"]
[White "Swiercz,D"]
[Black "Leniart,A"]
[Result "1-0"]
[WhiteElo "2583"]
[BlackElo "2455"]

1.e4 c5 2.Nf3 Nc6 3.Bb5 e6 4.O-O Nge7 5.c3 a6 6.Ba4 b5 7.Bc2 d5 8.e5 d4 9.Be4 Bb7
10.cxd4 cxd4 11.d3 Ng6 12.Re1 Bb4 13.Nbd2 Rb8 14.a3 Ba5 15.b4 Bc7 16.Bxg6 hxg6
17.Bb2 Rh5 18.Ne4 Nxe5 19.Nxe5 Bxe5 20.h3 Bxe4 21.Rxe4 Bf6 22.Rc1 Rd5 23.Rc6 Ra8
24.Qc2 Kd7 25.Re1 Be5 26.Rc5 Rxc5 27.Qxc5 Bf6 28.Bxd4 Qc8 29.Rb1 Qxc5 30.Bxc5 Rc8
31.Kf1 Kc6 32.Ke2 Kd5 33.Ke3 a5 34.d4 a4 35.Kd3 Rh8 36.Re1 Rh4 37.f3 e5 38.Re4 g5
39.Re2 g6 40.Ba7 exd4 41.Rc2 Be5 42.Rc5+ Ke6 43.Rxb5 f5 44.Rb6+ Kf7 45.Rb7+ Ke6
46.Rb6+ Kf7 47.Ra6 g4 48.hxg4 fxg4 49.f4 Bxf4 50.Bxd4 g5 51.b5 Rh2 52.b6 Rxg2
53.Rxa4 g3 54.b7 Rd2+ 55.Kc3 Rd1 56.Be3 Be5+ 57.Kc2 Re1 58.Ba7 g2 59.Rg4 Ra1
60.Bd4 g1=Q 61.Rxg1 Rxg1 62.Bxe5  1-0

[Event "ch-POL 2012"]
[Site "Warsaw POL"]
[Date "2012.02.26"]
[Round "9"]
[White "Leniart,A"]
[Black "Piorun,K"]
[Result "1-0"]
[WhiteElo "2455"]
[BlackElo "2520"]

1.e4 c5 2.Nf3 Nc6 3.Bb5 d6 4.O-O Bd7 5.Re1 Nf6 6.c3 a6 7.Bf1 Bg4 8.d4 cxd4
9.cxd4 e5 10.d5 Nd4 11.Be3 Nxf3+ 12.gxf3 Bh5 13.Bh3 Be7 14.Nd2 O-O 15.Qb3 b5
16.a4 Rb8 17.Qc3 g5 18.axb5 axb5 19.Ra7 g4 20.fxg4 Nxg4 21.Bxg4 Bxg4 22.Bh6 Re8
23.Qg3 Kh8 24.h3 Bh4 25.Bg7+ Kxg7 26.Qxg4+ Qg5 27.Nf3 Qxg4+ 28.hxg4 Bd8 29.Rd7 Ba5
30.Ra1 Red8 31.Rxd6 Rxd6 32.Rxa5 f6 33.Nh4 Rdb6 34.Nf5+ Kg6 35.Kg2 h5 36.Kf3 Kg5
37.gxh5 Kxh5 38.Ra1 Rc8 39.Rh1+ Kg5 40.Rg1+ Kh5 41.Ng7+ Kh6 42.Nf5+ Kh5 43.Ke3 b4
44.Rh1+ Kg5 45.Rg1+ Kh5 46.f4 Rc2 47.Rh1+ Kg6 48.fxe5 Rxb2 49.e6  1-0

[Event "PriFO Champ RUS 2012"]
[Site "Tolyatti RUS"]
[Date "2012.02.29"]
[Round "3.23"]
[White "Trifonov,P"]
[Black "Talov,N"]
[Result "1-0"]
[WhiteElo "2222"]
[BlackElo "2080"]

1.e4 c5 2.Nf3 Nc6 3.Bb5 d6 4.Bxc6+ bxc6 5.O-O e5 6.c3 Bg4 7.d4 cxd4 8.cxd4 exd4
9.Qxd4 Bxf3 10.gxf3 Qf6 11.Qe3 Ne7 12.Nc3 Ng6 13.f4 Be7 14.Kh1 O-O 15.Bd2 Qh4
16.f5 Ne5 17.Qe2 Qg4 18.f3 Qh5 19.Rad1 Bf6 20.Bc1 Rad8 21.Qg2 Nc4 22.Ne2 Rfe8
23.b3 Nb6 24.f4 c5 25.Rd3 d5 26.Rh3 Bh4 27.e5 Nc8 28.f6 g5 29.fxg5 Rxe5 30.Nf4 Qxg5
31.Rxh4 Qxg2+ 32.Kxg2  1-0

[Event "ch-Moscow S/F 2012"]
[Site "Moscow RUS"]
[Date "2012.03.01"]
[Round "5"]
[White "Zizlova,S"]
[Black "Yudin,I"]
[Result "1/2-1/2"]
[WhiteElo "2161"]
[BlackElo "2298"]

1.e4 c5 2.Nf3 Nc6 3.Bb5 d6 4.Bxc6+ bxc6 5.O-O Bg4 6.h3 Bh5 7.c3 Nf6 8.Re1 Nd7
9.d4 e6 10.Be3 Qb6 11.b3 cxd4 12.cxd4 Qb7 13.Nbd2 Be7 14.Rc1 O-O 15.Nc4 Qa6
16.Bd2 c5 17.Bc3 Rab8 18.Rc2 Rbe8 19.dxc5 Nxc5 20.Qd4 e5 21.Qd1 Qc6 22.Bb4 Rd8
23.Ne3 Qb7 24.Ba5 Rc8 25.Nf5 Ne6 26.Rxc8 Rxc8 27.Qd5 Rb8 28.Rc1 Bf8 29.Qxb7 Rxb7
30.g4 Bg6 31.Rc8 Rd7 32.Nd2 Nc5 33.f3 f6 34.Nc4 Bxf5 35.gxf5 Kf7 36.Bb4 Nd3
37.Ba3 Be7 38.Na5 Bd8 39.Nc4 Be7 40.Na5 Nf4 41.h4 Ne2+ 42.Kf2 Nd4 43.h5 d5
44.Bxe7 Kxe7 45.b4 Nb5 46.a4 Nd6 47.Nc6+ Kf7 48.Ra8 dxe4 49.Nd8+ Ke7 50.Nc6+ Kf7
51.Nd8+ Ke7 52.Nc6+ Kf7 53.Nd8+ Ke7 54.Nc6+  1/2-1/2

[Event "PriFO Champ RUS 2012"]
[Site "Tolyatti RUS"]
[Date "2012.03.01"]
[Round "4.1"]
[White "Glidzhain,G"]
[Black "Frolyanov,D"]
[Result "1/2-1/2"]
[WhiteElo "2381"]
[BlackElo "2555"]

1.e4 c5 2.Nf3 Nc6 3.Bb5 d6 4.O-O Bd7 5.c3 a6 6.Ba4 Nf6 7.Re1 b5 8.Bc2 Bg4
9.a4 g6 10.h3 Bxf3 11.Qxf3 Rb8 12.axb5 axb5 13.Na3 Nd7 14.Qe2 Qb6 15.d3 Bg7
16.Bg5 O-O 17.Qd2 Rfe8 18.Bh6 Bh8 19.Rab1 Qa5 20.Bb3 Qc7 21.Nc2 c4 22.dxc4 Na5
23.Ba2 Nxc4 24.Bxc4 Qxc4 25.Ne3 Qc6 26.Nd5 Nb6 27.Ra1 Nxd5 28.exd5 Qb7 29.Re4 e5
30.Rb4 Rec8 31.Be3 Rc4 32.Ra7 Qc8 33.Rb3 Bg7 34.Qe2 e4 35.Bf4 Qc5 36.Ra6 Qxd5
37.Rxd6 Qf5 38.Qxc4 Qxf4 39.Qd5 e3 40.Rd8+ Bf8 41.Rxb8 Qxf2+ 42.Kh1 Qf1+
43.Kh2 Qf4+ 44.g3 Qxb8 45.Rxb5 Qe8 46.Qe5 Qc6 47.Rd5 Qc4 48.Rd8 Qe2+ 49.Kg1 Qf2+
50.Kh1 e2 51.Re8 Qf1+ 52.Kh2 Qf2+  1/2-1/2

[Event "European Ind w 2012"]
[Site "Gaziantep TUR"]
[Date "2012.03.02"]
[Round "1"]
[White "Bojkovic,N"]
[Black "Kineva,E"]
[Result "1-0"]
[WhiteElo "2395"]
[BlackElo "2126"]

1.e4 c5 2.Nf3 Nc6 3.Bb5 g6 4.Bxc6 dxc6 5.d3 Bg7 6.h3 Nf6 7.O-O O-O 8.Nbd2 Nd7
9.Re1 e5 10.a4 b6 11.a5 b5 12.b3 Re8 13.Ba3 Bf8 14.Bb2 Bd6 15.c3 Bc7 16.b4 Bd6
17.Qb3 Qe7 18.Ba3 Rb8 19.d4 c4 20.Qc2 f6 21.dxe5 fxe5 22.Nf1 Nf8 23.Bc1 Ne6
24.N1h2 Rf8 25.Bh6 Rf7 26.Rad1 Ng7 27.Qd2 Bc7 28.Be3 a6 29.Bc5 Qe8 30.Qh6 Ne6
31.Bd6 Bxd6 32.Rxd6 Qe7 33.Rxc6 Bb7 34.Rxe6 Qxe6 35.Ng5 Qe7 36.Nxf7 Qxf7
37.Ng4 Rf8 38.Qg5 Qf4 39.Qxe5 h5 40.Qxf4 Rxf4 41.Ne5 Kg7 42.Nd7 Rf7 43.Nc5 Re7
44.Rd1 Kf7 45.f3 Bc8 46.Rd6 Ra7 47.Rc6 Ra8 48.h4 Kg7 49.Kf2 Kh6 50.Ke3 Kg7
51.Kf4 Kh6 52.Rc7 Rb8 53.g4  1-0

[Event "European Ind w 2012"]
[Site "Gaziantep TUR"]
[Date "2012.03.02"]
[Round "1"]
[White "Kosintseva,N"]
[Black "Manakova,M"]
[Result "1-0"]
[WhiteElo "2535"]
[BlackElo "2315"]

1.e4 c5 2.Nf3 Nc6 3.Bb5 d6 4.O-O Bd7 5.c3 a6 6.Ba4 b5 7.Bc2 Nf6 8.h3 e6 9.Re1 Be7
10.d4 cxd4 11.cxd4 Nb4 12.Bb3 d5 13.e5 Ne4 14.a3 Nc6 15.Bc2 Ng5 16.Nxg5 Bxg5
17.Nc3 Bxc1 18.Rxc1 Qh4 19.Ne2 O-O 20.Qd3 f6 21.exf6 Rxf6 22.Qe3 Raf8 23.Rf1 g5
24.f3 Kh8 25.Bb1 Re8 26.Rc5 g4 27.hxg4 Rh6 28.Qf4 Qh1+ 29.Kf2 Qh4+ 30.Qg3 Qe7
31.g5 Rh5 32.f4 e5 33.Qe3 Qf8 34.dxe5 Rxe5 35.Qc1 Rxe2+ 36.Kxe2 Nd4+ 37.Kf2 Ne6
38.Rc3 Rxg5 39.Kg1 Rg4 40.Rcf3 Qg7 41.Qd2 d4 42.Bf5 Rh4 43.Bxe6 Bxe6 44.f5 Bc4
45.Rf4 Rxf4 46.Rxf4 d3 47.f6 Qa7+ 48.Rf2 Qd7 49.Qb4 Qc8 50.Qe7 Bf7 51.Qxf7 Qc1+
52.Kh2 Qh6+ 53.Kg3 Qe3+ 54.Kg4 Qe4+ 55.Kh3 Qe3+ 56.g3  1-0

[Event "2nd HD Bank Cup 2012"]
[Site "Ho Chi Minh City VIE"]
[Date "2012.03.02"]
[Round "2.33"]
[White "Nolte,R"]
[Black "Doan,T"]
[Result "1-0"]
[WhiteElo "2456"]
[BlackElo "1992"]

1.e4 c5 2.Nf3 Nc6 3.Bb5 d6 4.O-O Bd7 5.Re1 g6 6.c3 Bg7 7.d4 cxd4 8.cxd4 Nf6
9.Nc3 O-O 10.h3 a6 11.Bf1 e5 12.d5 Ne7 13.a4 Ne8 14.Qb3 Rb8 15.Be3 b5 16.axb5 axb5
17.Ra7 f5 18.Ng5 f4 19.Bd2 Nc7 20.Ne6 Bxe6 21.dxe6 d5 22.Nxd5 Ncxd5 23.Rd7 Qb6
24.exd5 f3 25.g4 Rfe8 26.Be3 Qa5 27.Rc1 Ra8 28.d6  1-0

[Event "TCh-ISR 2011-12"]
[Site "Israel ISR"]
[Date "2012.03.02"]
[Round "11.4"]
[White "Oratovsky,M"]
[Black "Sidorenko,I"]
[Result "1/2-1/2"]
[WhiteElo "2522"]
[BlackElo "2429"]

1.e4 c5 2.Nf3 Nc6 3.Bb5 g6 4.Bxc6 dxc6 5.h3 Bg7 6.d3 Nf6 7.Nc3 Nd7 8.Be3 e5
9.Qd2 h6 10.h4 Qe7 11.h5 g5 12.Ne2 Nf8 13.Ng3 Be6 14.c3 O-O-O 15.Qc2 Nd7
16.O-O-O Nb6 17.Nd2 Kb8 18.Kb1 Rhe8 19.Rhe1 Bf8 20.f3 f6 21.Bf2 Rd7 22.Nb3 Qf7
23.c4 Na4 24.Na5 Nb6 25.Nb3 Na4 26.Na5 Nb6  1/2-1/2

[Event "TCh-AUT 1st Bundesliga 2012"]
[Site "St. Veit AUT"]
[Date "2012.03.02"]
[Round "5.4"]
[White "Kuba,G"]
[Black "Jankovic,A"]
[Result "1/2-1/2"]
[WhiteElo "2384"]
[BlackElo "2568"]

1.e4 c5 2.Nf3 Nc6 3.Bb5 e6 4.O-O Nge7 5.Re1 Ng6 6.c3 d5 7.exd5 Qxd5 8.d4 cxd4
9.c4 Qd6 10.Nxd4 Bd7 11.Be3 Qc7 12.Nc3 Bd6 13.Qh5 O-O 14.Rad1 Rfd8 15.Nf3 Bf8
16.Ba4 Be8 17.c5 h6 18.Bc2 Nce7 19.Qg4 Rxd1 20.Rxd1 Rd8 21.Rxd8 Qxd8 22.Qd4 Qc8
23.b4 Nf5 24.Bxf5 exf5 25.a4 a5 26.Nb5 f4 27.Bd2 Qf5 28.Nd6 Qb1+ 29.Ne1 Bxa4
30.Nxb7 axb4 31.Qxb4 Qxb4 32.Bxb4 Ne5 33.Nd6 f6 34.g3 f3 35.Bc3 Nd7 36.Nxf3 Nxc5
37.Nf5 Ne4 38.Bb2 Kf7 39.N3d4 Bc5 40.f3 Nd2 41.Kf2 Nc4 42.Bc3 h5 43.g4 Bd7
44.h3 Bxf5 45.gxf5 Nd6 46.Ke2 Bxd4 47.Bxd4 Nxf5 48.Bb6 Kg6 49.Bc7 Kg5 50.Kf2 Kh4
51.Kg2 Ne3+ 52.Kh2 Kg5 53.Kg3 h4+ 54.Kh2 Nd5 55.Bb8 Kf5 56.Kg2 Nf4+ 57.Kh2 Nd3
58.Kg2 Ke6 59.f4 Kf5 60.Kf3 Nc5 61.Bc7 Nb3 62.Bb8 Nd4+ 63.Ke3 Ne6 64.Kf3 g5
65.fxg5 Nxg5+ 66.Kg2 Ke4 67.Bd6 Ne6 68.Be7 Nf4+ 69.Kh2 Nd5 70.Bd8 Kf3 71.Ba5 Kf2
72.Bd8 Kf1 73.Kh1 Kf2 74.Kh2 Kf3 75.Ba5 Nf4 76.Bd8 Nd5 77.Ba5 Ke2 78.Bd8 Ke3
79.Kg2 Ke2 80.Kh2 f5 81.Bxh4 f4 82.Kg1 Nc3 83.Bf2 Ne4 84.Bb6 f3 85.h4 Nf6
86.Ba7 Nh5 87.Bb6 Nf4 88.Ba7 Nh3+ 89.Kh2 Nf4  1/2-1/2

[Event "TCh-AUT 2 Mitte 2011-12"]
[Site "St. Veit AUT"]
[Date "2012.03.02"]
[Round "7"]
[White "Tober,G"]
[Black "Takacs,B"]
[Result "1/2-1/2"]
[WhiteElo "2272"]
[BlackElo "2334"]

1.e4 c5 2.Nf3 Nc6 3.Bb5 d6 4.Bxc6+ bxc6 5.O-O e5 6.c3 Bg4 7.d4 cxd4 8.cxd4 Qc7
9.dxe5 dxe5 10.Nbd2 Nf6 11.Qe2 Be7 12.Nc4 Nd7 13.b3 O-O 14.Bb2 f6 15.Rac1 Rfc8
16.Ne3 Be6 17.Nd5 Qd8 18.Nxe7+ Qxe7 19.Qa6 Nb6 20.Ba3 Qf7 21.Rfd1 Rd8 22.Bc5 Qc7
23.h3 g5 24.Qa3 Kf7 25.Nh2 Rac8 26.Nf1 h5 27.Ne3 Qb7 28.Qb4 Rb8 29.Rxd8 Rxd8
30.Bxb6 axb6 31.Nc4 Qa6 32.Nd6+ Kg6 33.Rxc6 Qxa2 34.Qxb6 Rf8 35.Nf5 Qb1+
36.Kh2 Bxf5 37.exf5+ Qxf5 38.Rc7 h4 39.Qa7 Rd8 40.Qe3 Rd3 41.Qe2 Rxb3 42.Qa2 e4
43.Qxb3 Qe5+ 44.Kg1 Qxc7 45.Qe6 Qc1+ 46.Kh2 Qf4+ 47.Kg1 Qe5 48.Qg8+ Kf5 49.Qh7+ Kf4
50.Qh5 Qa1+ 51.Kh2 Qb2 52.Qg6 e3 53.fxe3+ Kxe3 54.Kg1 Qc1+ 55.Kh2 Qc7+ 56.Kg1 Qe5
57.Qc2 Qd4 58.Kh2 Qd6+ 59.Kg1 Qd4 60.Kh2 Qd6+ 61.Kg1 Qd2 62.Qf5 Qe1+ 63.Kh2 Qg3+
64.Kg1 Qf4 65.Qc2 f5 66.Qc5+ Kd3 67.Qb5+ Kd4 68.Qb4+ Ke5 69.Qe7+ Kd5 70.Qd7+ Kc5
71.Qc8+ Kd4 72.Qd7+ Ke3 73.Qe7+ Kd2 74.Qd7+ Ke2 75.Qb5+ Ke3 76.Qb3+ Ke4  1/2-1/2

[Event "TCh-CAT 2012"]
[Site "Catalunya ESP"]
[Date "2012.03.03"]
[Round "6.8"]
[White "Bulto Gonzalvo,R"]
[Black "Ayas Fernandez,A"]
[Result "0-1"]
[WhiteElo "1968"]
[BlackElo "2286"]

1.e4 c5 2.Nf3 Nc6 3.Bb5 Na5 4.O-O a6 5.Be2 b5 6.d4 cxd4 7.Nxd4 Bb7 8.e5 e6
9.Kh1 Bc5 10.f4 Ne7 11.c3 Nac6 12.Be3 Nd5 13.Nxe6 Nxe3 14.Nxd8 Nxd8 15.Qd3 Bxg2+
16.Kg1 Ne6 17.Rf2 Nd5 18.Bf3 Nexf4 19.Qe4 Bxf3 20.Qxf3 O-O 21.Nd2 Rae8 22.Kh1 Bxf2
23.Qxf2 Rxe5 24.Rg1 g6 25.Qd4 Rfe8 26.Rf1 Re1 27.h4 Rxf1+ 28.Nxf1 Re1 29.Qf2 Nd3
30.Qf3 Ne3 31.Qxe3 Rxe3 32.Nxe3 Nxb2 33.Nd5 Na4 34.Kg2 f5 35.Kf3 Kf7 36.Kf4 d6
37.Kg5 Nc5 38.Kh6 Ne6 39.Kxh7 f4 40.Kh6 f3 41.h5 gxh5 42.Kxh5 Nf4+  0-1

[Event "TCh-CZE Extraliga 2011-12"]
[Site "Czech Republic CZE"]
[Date "2012.03.03"]
[Round "7.3"]
[White "Rasik,V"]
[Black "Fedorov,Alex"]
[Result "1/2-1/2"]
[WhiteElo "2473"]
[BlackElo "2609"]

1.e4 c5 2.Nf3 Nc6 3.Bb5 e6 4.Bxc6 bxc6 5.d3 Ne7 6.Bd2 d5 7.c4 Ng6 8.Qe2 Bd6
9.O-O O-O 10.e5 Bc7 11.Be3 Qe7 12.Bg5 f6 13.exf6 gxf6 14.Bh6 Rd8 15.Nbd2 Bf4
16.Bxf4 Nxf4 17.Qe3 e5 18.g3 Bh3 19.Rfd1 Qg7 20.Nb3 Rab8 21.Nh4 Ne6 22.Rac1 Rb4
23.Nxc5 Nd4 24.b3 Kh8 25.a3 Rbb8 26.b4 Rg8 27.Kh1 Qg4 28.f3 Qh5 29.cxd5 cxd5
30.Re1 Rg7 31.f4 Rbg8 32.fxe5 Qxh4 33.gxh4 Bg2+ 34.Kg1 fxe5 35.Qxe5 Nf3+
36.Kf2 Nxe5 37.Rxe5 d4 38.Rg5 Bc6 39.Rxg7 Rxg7 40.Ne4 Rf7+ 41.Kg3 Bxe4 42.dxe4 Kg7
43.Rd1 Rc7 44.Rxd4 Rc3+ 45.Kf4 Rxa3 46.Rd7+ Kg6 47.h5+ Kxh5 48.Rxh7+ Kg6
49.Rc7 a5 50.Rc6+ Kf7 51.b5 Rb3 52.b6 a4 53.Kf5 a3 54.Rc7+ Ke8 55.Ra7 Rxb6
56.Rxa3 Rh6 57.h3 Kf7 58.Ra7+ Kf8 59.Kg4 Re6 60.Ra4 Rg6+ 61.Kf4 Rh6 62.Ra3 Kf7
63.Ra7+ Kf8 64.Kg4 Re6 65.Kf5 Rh6 66.Ra3 Kf7 67.Rf3 Ke7 68.Re3 Rh8 69.Ra3 Rh4
70.Rb3 Kf7 71.Re3 Rh8 72.e5 Ke7 73.Ra3 Rh5+ 74.Kg6 Rxe5 75.Ra7+ Kf8 76.Ra8+ Ke7
77.h4 Re1 78.h5 Rg1+ 79.Kh7 Kf7 80.h6 Rf1 81.Ra7+ Kf8 82.Ra2 Rf6 83.Rg2 Kf7
84.Rg7+ Kf8 85.Rg8+ Kf7 86.Ra8 Rf1 87.Kh8 Rf6 88.h7 Rf1 89.Rf8+ Kxf8  1/2-1/2

[Event "PriFO Champ RUS 2012"]
[Site "Tolyatti RUS"]
[Date "2012.03.03"]
[Round "6.27"]
[White "Glukhov,A2"]
[Black "Toropov,P"]
[Result "0-1"]
[WhiteElo "2078"]
[BlackElo "2302"]

1.e4 c5 2.Nf3 Nc6 3.Bb5 Na5 4.c3 Nf6 5.e5 Nd5 6.d4 cxd4 7.cxd4 a6 8.Bd3 d6
9.O-O Bg4 10.h3 Bxf3 11.Qxf3 e6 12.Be4 dxe5 13.dxe5 Nc6 14.Bxd5 Qxd5 15.Qxd5 exd5
16.Rd1 O-O-O 17.Bg5 Rd7 18.Nc3 d4 19.Na4 Kc7 20.Bf4 Rd5 21.Nc3 Ra5 22.Ne2 Rd5
23.Nc3 Rd8 24.Ne4 Kb6 25.Bg3 Be7 26.Rd3 Rd5 27.f4 f6 28.exf6 Bxf6 29.Bf2 Re8
30.Nxf6 gxf6 31.Rad1 Re4 32.g3 Kc5 33.Kg2 Re2 34.R3d2 Rxd2 35.Rxd2 Kc4 36.Kf3 d3
37.g4 Nb4 38.Ke4 Rd7 39.a3 Re7+ 40.Kf3 Nc2 41.a4 Nd4+ 42.Bxd4 Kxd4 43.g5 fxg5
44.fxg5 Re3+  0-1

[Event "2nd HD Bank Cup 2012"]
[Site "Ho Chi Minh City VIE"]
[Date "2012.03.04"]
[Round "4.7"]
[White "Diu,V"]
[Black "Nguyen Van Huy"]
[Result "0-1"]
[WhiteElo "2486"]
[BlackElo "2485"]

1.e4 c5 2.Nf3 Nc6 3.Bb5 g6 4.Bxc6 dxc6 5.d3 Bg7 6.h3 Nf6 7.Nc3 O-O 8.Be3 b6
9.Qd2 e5 10.Bh6 Qd6 11.g4 Be6 12.Bxg7 Kxg7 13.Ne2 b5 14.Ng3 Ng8 15.O-O-O f6
16.Kb1 a5 17.g5 a4 18.Rdg1 fxg5 19.Nxg5 a3 20.b3 Bd7 21.Nf5+ gxf5 22.Ne6+ Kh8
23.Nxf8 Rxf8 24.exf5 Rxf5 25.Rg4 Rf8 26.Rg5 Qd4 27.c3 Qd5 28.Re1 Bf5 29.Kc1 Qxd3
30.Qxd3 Bxd3 31.Rexe5 Rxf2 32.Rxc5 Rxa2 33.Rxc6 Rc2+ 34.Kd1 a2 35.Ra6 Rb2
36.h4 Be4 37.Re5 Bb7 38.Ra7 Rb1+ 39.Kd2 a1=Q 40.Rxa1 Rxa1 41.Rxb5 Be4 42.c4 Nf6
43.Ke3 Kg7 44.c5 Kf7 45.b4 Ke6 46.Rb8 Ke5 47.b5 Nd5+ 48.Ke2 Ra2+ 49.Ke1 Kd4  0-1

[Event "2nd HD Bank Cup 2012"]
[Site "Ho Chi Minh City VIE"]
[Date "2012.03.04"]
[Round "5.29"]
[White "Legaspi,R"]
[Black "Dimakiling,O"]
[Result "0-1"]
[WhiteElo "2273"]
[BlackElo "2447"]

1.e4 c5 2.Nf3 Nc6 3.Bb5 Na5 4.d4 a6 5.Bd3 cxd4 6.O-O d6 7.Nxd4 e5 8.Nf5 Bxf5
9.exf5 Be7 10.Qg4 Kf8 11.Nc3 d5 12.Rd1 Nf6 13.Qh3 Qb6 14.Qg3 Nc6 15.Bg5 Rd8
16.Rab1 h6 17.Bh4 Qc5 18.a3 Nh5 19.Qg4 Bxh4 20.Qxh4 Nf6 21.Rd2 Re8 22.Re1 h5
23.h3 Rh6 24.Kh1 e4 25.Bf1 Re5 26.Qf4 h4 27.Ne2 e3 28.fxe3 Ne4 29.Nd4 Qe7
30.Rdd1 g5 31.fxg6 Rxg6 32.Kg1 Rf6 33.Qg4 Rg5 34.Qxh4 Nxd4 35.Rxd4 Rxf1+
36.Rxf1 Rxg2+ 37.Kxg2 Qxh4  0-1

[Event "10th Khazar Cup"]
[Site "Rasht IRI"]
[Date "2012.03.04"]
[Round "6"]
[White "Tiviakov,S"]
[Black "Javanbakht,N"]
[Result "1-0"]
[WhiteElo "2673"]
[BlackElo "2400"]

1.e4 c5 2.Nf3 Nc6 3.Bb5 d6 4.O-O Bd7 5.Re1 Nf6 6.c3 a6 7.Ba4 b5 8.Bc2 e5
9.h3 Be7 10.d4 O-O 11.d5 Na5 12.Nxe5 dxe5 13.d6 Bc6 14.dxe7 Qxe7 15.Nd2 Rad8
16.Qe2 Nb7 17.b3 Rd7 18.Nf1 Nd8 19.Ng3 Ne6 20.Be3 g6 21.a4 h5 22.axb5 axb5
23.Ra6 Rc8 24.Qf3 b4 25.cxb4 cxb4 26.Bb1 Bb7 27.Rb6 Kg7 28.Nf5+ gxf5 29.Qxf5 Rc5
30.Rxb4 Ra5 31.Rb6 Qd8 32.Kh2 Bc8 33.Rc1 Rc7 34.Re1 Rc3 35.Rb8 Qc7 36.Bd2 Qxb8
37.Bxc3 Rc5 38.Bd2 Nf4 39.Qg5+ Ng6 40.b4 Rc6 41.Qh6+ Kg8 42.Rd1 Bg4 43.f3 Bd7
44.Bg5 Qf8 45.Qxf8+ Nxf8 46.Kg3 Kg7 47.Be3 Rc3 48.Bd2 Ra3 49.Rc1 Ng6 50.Kf2 h4
51.Rc5 Rb3 52.Bc2 Rb2 53.Ke1 Be6 54.Kd1 Nd7 55.Rc6 Nf4 56.Kc1 Ra2 57.Bxf4 exf4
58.Kb1 Ra7 59.Kb2 Ne5 60.Rc5 Kf6 61.Kc3 Ra2 62.b5 Ra3+ 63.Kd4 Ng6 64.b6 Ra8
65.e5+ Ke7 66.b7 Rd8+ 67.Kc3 Nf8 68.Be4 Nd7 69.Rc7 Rb8 70.Rc8 f6 71.exf6+ Kxf6
72.Kb4 Ke5 73.Bc6 Kd6 74.Kc3  1-0